Actors who worked with Peter Weir - Statistics

General Stats
  • This quiz has been taken 24 times
  • The average score is 14 of 53
Answer Stats
Films Answer % Correct
Dead Poets Society Robin Williams
100%
The Truman Show Jim Carrey
95%
Dead Poets Society Ethan Hawke
75%
Witness, The Mosquito Coast Harrison Ford
75%
Master and Commander: The Far Side of the World Russell Crowe
75%
The Truman Show, The Way Back Ed Harris
70%
The Truman Show Laura Linney
50%
Gallipoli, The Year of Living Dangerously Mel Gibson
50%
Master and Commander: The Far Side of the World Paul Bettany
45%
The Year of Living Dangerously Linda Hunt
40%
The Way Back Colin Farrell
35%
Witness Danny Glover
35%
The Mosquito Coast River Phoenix
35%
Witness Viggo Mortensen
35%
The Mosquito Coast Helen Mirren
30%
Fearless Jeff Bridges
30%
The Truman Show Paul Giamatti
30%
Green Card Andie MacDowell
25%
Green Card Gérard Depardieu
25%
The Way Back Jim Sturgess
25%
Witness Kelly McGillis
25%
Picnic at Hanging Rock Jacki Weaver
20%
Witness Lukas Haas
20%
Gallipoli Mark Lee
20%
Dead Poets Society Robert Sean Leonard
20%
The Year of Living Dangerously Sigourney Weaver
20%
The Truman Show Holland Taylor
15%
Dead Poets Society James Waterston
15%
Witness Josef Sommer
15%
Dead Poets Society Josh Charles
15%
The Way Back Mark Strong
15%
The Truman Show Natascha McElhone
15%
The Truman Show Noah Emmerich
15%
Picnic at Hanging Rock Rachel Roberts
15%
The Last Wave Richard Chamberlain
15%
Fearless Rosie Perez
15%
The Way Back Saoirse Ronan
15%
Dead Poets Society Allelon Ruggiero
10%
Fearless Benicio del Toro
10%
Gallipoli Bill Kerr
10%
Master and Commander: The Far Side of the World Billy Boyd
10%
Dead Poets Society Dylan Kussman
10%
Dead Poets Society Gale Hansen
10%
The Way Back Gustaf Skarsgard
10%
Picnic at Hanging Rock Helen Morse
10%
Fearless Isabella Rossellini
10%
Master and Commander: The Far Side of the World James D'Arcy
10%
Fearless John Turturro
10%
Master and Commander: The Far Side of the World Lee Ingleby
10%
The Year of Living Dangerously Michael Murphy
10%
Dead Poets Society Norman Lloyd
10%
The Last Wave Olivia Hamnett
10%
Picnic at Hanging Rock, The Last Wave Vivean Gray
10%
No matching quizzes found
Score Distribution
Percent of People with Each Score
Percentile by Number Answered
Your Score History
You have not taken this quiz